000 00663nam a2200193Ia 4500
999 _c36206
_d36206
001 2109
003 GE_BSU
005 20190514190530.0
008 181216s2009||||ge |||||||||||||| ||geo||
020 _a 9789941144370
040 _cGE_BSU
041 _ageo
080 _a004.42+004.65 ნ-25
100 _aნანობაშვილი, ქ.
_91144
245 _bნაწ. 1.; სახელმძღვ. სტუდენტებისათვის /
_aWeb-ტექნოლოგიები :
_cქ. ნანობაშვილი
300 _a178 გვ. :
_bილ.,
_c20 სმ.
653 _aინტერნეტი
942 _cBK
_2udc